[Event "GER-ch U25-C"]
[Site "Willingen"]
[Date "2023.06.03"]
[Round "9"]
[White "Winkler, Frida"]
[Black "Franke, Leonhard"]
[Result "0-1"]
[WhiteElo "1280"]
[BlackElo "1348"]
[PlyCount "38"]
[EventDate "2023.05.27"]
[EventType "swiss"]
[EventRounds "9"]
[EventCountry "GER"]
[SourceTitle "CBM 214 Extra"]
[Source "ChessBase"]
[SourceDate "2023.07.31"]
[SourceVersion "1"]
[SourceVersionDate "2023.07.31"]
[SourceQuality "1"]

1. e4 e5 2. Nf3 Nc6 3. Bc4 Bc5 4. b4 Bxb4 5. c3 Ba5 6. d4 exd4 7. 0-0 Nf6 8. e5 Ng4 9. cxd4 d5 10. exd6 Qxd6 11. Ba3 Qh6 12. Qe2+ Be6 13. h3 Nxf2 14. Rxf2 Bb6 15. Rf1 Nxd4 16. Qe4 Nxf3+ 17. Kh1 Ng5 18. Qxb7 Bxh3 19. Bb5+ Bd7# 0-1

[Event "GER-chT U10"]
[Site "Magdeburg"]
[Date "2016.12.29"]
[Round "6.2"]
[White "Brumm, Nico"]
[Black "Franke, Leonhard"]
[Result "1-0"]
[WhiteElo "901"]
[BlackElo "773"]
[PlyCount "97"]
[EventDate "2016.12.27"]
[EventType "team-swiss"]
[EventRounds "7"]
[EventCountry "GER"]
[SourceTitle "EXT 2018"]
[Source "ChessBase"]
[SourceDate "2017.10.13"]
[SourceVersion "1"]
[SourceVersionDate "2017.10.13"]
[SourceQuality "1"]
[WhiteTeam "Langenfeld"]
[BlackTeam "Neumarkt"]
[WhiteTeamCountry "GER"]
[BlackTeamCountry "GER"]

1. e4 e5 2. Nf3 Nc6 3. d4 exd4 4. Nxd4 Nxd4 5. Qxd4 Nf6 6. e5 Ng8 7. Bc4 d6 8. Qd5 Be6 9. Qd4 c5 10. Qe4 Bxc4 11. Qxc4 dxe5 12. Qb5+ Qd7 13. Qe2 Nf6 14. Qxe5+ Be7 15. 0-0 Ng4 16. Qxg7 Bf6 17. Re1+ Kd8 18. Bg5 Qc7 19. Qxh8+ Kd7 20. Bxf6 Qxh2+ 21. Kf1 Rxh8 22. Bxh8 Qh4 23. g3 Nh2+ 24. Kg1 Nf3+ 25. Kf1 Qh1+ 26. Ke2 Qg2 27. Rd1+ Ke8 28. Nc3 Ng5 29. Rd3 Ne4 30. Nxe4 Qxe4+ 31. Re3 Qxe3+ 32. fxe3 Kf8 33. Rd1 h6 34. Rd7 Kg8 35. Rxb7 Kxh8 36. Rxa7 Kg7 37. a4 h5 38. Rd7 Kg6 39. Kf2 Kg5 40. a5 h4 41. gxh4+ Kxh4 42. a6 f5 43. a7 Kg4 44. a8Q f4 45. exf4 Kxf4 46. Rf7+ Ke5 47. Qa6 Kd5 48. Rf5+ Kd4 49. Qd3# 1-0

[Event "GER-chT U10"]
[Site "Magdeburg"]
[Date "2016.12.28"]
[Round "3.2"]
[White "Kinsky, Leonhard"]
[Black "Franke, Leonhard"]
[Result "1-0"]
[WhiteElo "929"]
[BlackElo "773"]
[PlyCount "93"]
[EventDate "2016.12.27"]
[EventType "team-swiss"]
[EventRounds "7"]
[EventCountry "GER"]
[SourceTitle "EXT 2018"]
[Source "ChessBase"]
[SourceDate "2017.10.13"]
[SourceVersion "1"]
[SourceVersionDate "2017.10.13"]
[SourceQuality "1"]
[WhiteTeam "Landskrone"]
[BlackTeam "Neumarkt"]
[WhiteTeamCountry "GER"]
[BlackTeamCountry "GER"]

1. e4 e5 2. Nf3 Nc6 3. d4 exd4 4. Nxd4 Bb4+ 5. Nc3 Nxd4 6. Qxd4 Bxc3+ 7. Qxc3 d6 8. Qxg7 Qf6 9. Qxf6 Nxf6 10. f3 Bd7 11. Bg5 Nh5 12. g4 Rg8 13. Bh4 Nf4 14. Bg3 Ne6 15. 0-0-0 0-0-0 16. Bh4 Rde8 17. Bc4 Rg6 18. Rd3 Nf4 19. Bxf7 Nxd3+ 20. cxd3 Reg8 21. Bxg8 Rxg8 22. Bf2 Bb5 23. Rd1 Rf8 24. Kc2 Rxf3 25. Bxa7 b6 26. b3 Kb7 27. a4 Bd7 28. Bxb6 cxb6 29. Rg1 Rf4 30. g5 Rf8 31. h4 b5 32. g6 hxg6 33. Rxg6 bxa4 34. Rxd6 axb3+ 35. Kxb3 Kc7 36. e5 Re8 37. d4 Be6+ 38. Kb4 Bg4 39. Kc5 Re6 40. Rxe6 Bxe6 41. h5 Kd7 42. h6 Bf5 43. d5 Ke7 44. e6 Kd8 45. Kd6 Ke8 46. Ke5 Bh7 47. Kf6 1-0